[Event "27th Kavala Open 2018"]
[Site "Kavala"]
[Date "2018.08.06"]
[Round "3"]
[White "Prince, Bajaj"]
[Black "Kazakos, Markos"]
[Result "1-0"]
[WhiteElo "2411"]
[BlackElo "2062"]
[Annotator "NA"]
[PlyCount "57"]
[EventDate "2018.08.06"]
[EventType "swiss"]
[EventCountry "GRE"]
[SourceTitle "playchess.com"]
[Source "ChessBase"]
[SourceQuality "1"]
[TimeControl "40/5400+30:900+30"]

1. e4 {[%emt 0:01:01]} Nc6 {[%emt 0:01:42]} 2. Nf3 {[%emt 0:00:17]} d6 {[%emt 0:00:09]} 3. d4 {[%emt 0:00:06]} Nf6 {[%emt 0:00:15]} 4. Nc3 {[%emt 0:00:06]} g6 {[%emt 0:00:34]} 5. d5 {[%emt 0:00:23]} Nb8 {[%emt 0:00:26]} 6. h3 {[%emt 0:00:07]} Bg7 {[%emt 0:00:36]} 7. Bc4 {[%emt 0:00:06]} O-O {[%emt 0:00:29]} 8. O-O {[%emt 0:00:09]} Re8 {[%emt 0:03:47]} 9. Re1 {[%emt 0:02:39]} e6 {[%emt 0:03:15]} 10. dxe6 {[%emt 0:01:47]} Bxe6 {[%emt 0:02:13]} 11. Bxe6 Rxe6 {[%emt 0:01:04]} 12. e5 {[%emt 0:10:29]} Ne8 {[%emt 0:08:17]} 13. Bf4 {[%emt 0:09:59]} Nc6 {[%emt 0:02:25]} 14. Ng5 {[%emt 0:02:42]} Rxe5 {[%emt 0:12:26]} 15. Bxe5 {[%emt 0:00:54]} Nxe5 {[%emt 0:01:20]} 16. Nf3 {[%emt 0:23:54]} Nc6 {[%emt 0:03:03]} 17. Nd5 {[%emt 0:01:47]} Nf6 {[%emt 0:02:56]} 18. c3 {[%emt 0:00:33]} Qd7 {[%emt 0:03:59]} 19. Re2 {[%emt 0:08:18]} Re8 {[%emt 0:14:40]} 20. Rxe8+ {[%emt 0:04:44]} Nxe8 {[%emt 0:01:27]} 21. Qb3 {[%emt 0:00:32]} b6 {[%emt 0:03:34]} 22. Re1 {[%emt 0:11:03]} Ne5 {[%emt 0:04:19]} 23. Nxe5 {[%emt 0:00:02]} dxe5 {[%emt 0:00:33]} 24. Rd1 {[%emt 0:00:46]} Nd6 {[%emt 0:03:29]} 25. Qb4 {[%emt 0:04:12]} Qd8 {[%emt 0:04:17]} 26. Nxc7 {[%emt 0:01:12]} Qxc7 {[%emt 0:00:17]} 27. Qxd6 {[%emt 0:00:12]} Qb7 {[%emt 0:01:35]} 28. Qd7 {[%emt 0:01:51]} Qa6 {[%emt 0:00:28]} 29. Qe8+ {[%emt 0:00:06]} 1-0

[Event "27th Kavala Open 2018"]
[Site "Kavala"]
[Date "2018.08.06"]
[Round "3"]
[White "Kanakaris, Georgios"]
[Black "Theodorou, Nikolas"]
[Result "1/2-1/2"]
[WhiteElo "2398"]
[BlackElo "2532"]
[Annotator "RC"]
[PlyCount "56"]
[EventDate "2018.08.06"]
[EventType "swiss"]
[EventCountry "GRE"]
[SourceTitle "playchess.com"]
[Source "ChessBase"]
[SourceQuality "1"]
[TimeControl "40/5400+30:900+30"]

1. Nf3 {[%emt 0:00:04]} Nf6 {[%emt 0:03:27]} 2. g3 {[%emt 0:00:07]} g6 {[%emt 0:00:23]} 3. Bg2 {[%emt 0:00:07]} Bg7 {[%emt 0:00:03]} 4. O-O {[%emt 0:00:09]} O-O {[%emt 0:00:03]} 5. d4 {[%emt 0:00:06]} Nc6 {[%emt 0:02:15]} 6. Re1 {[%emt 0:02:02]} d5 {[%emt 0:02:28]} 7. Ne5 {[%emt 0:14:56]} Nxe5 8. dxe5 {[%emt 0:00:07]} Ne4 {[%emt 0:03:07]} 9. f3 {[%emt 0:01:53]} Nc5 {[%emt 0:00:10]} 10. Be3 {[%emt 0:02:13]} Na4 {[%emt 0:06:28]} 11. f4 {[%emt 0:15:58]} Be6 {[%emt 0:05:57]} 12. b3 {[%emt 0:02:58]} Nb6 {[%emt 0:00:02]} 13. Nc3 {[%emt 0:00:15]} c6 {[%emt 0:03:48]} 14. Bf2 {[%emt 0:06:44]} f6 {[%emt 0:03:19]} 15. exf6 {[%emt 0:07:07]} Bxf6 {[%emt 0:00:42]} 16. Qd2 {[%emt 0:00:54]} Bf5 {[%emt 0:07:50]} 17. Rac1 {[%emt 0:09:12]} e5 {[%emt 0:14:51]} 18. e4 {[%emt 0:14:31]} dxe4 {[%emt 0:00:08]} 19. Qxd8 {[%emt 0:00:05]} Raxd8 {[%emt 0:00:04]} 20. Nxe4 {[%emt 0:00:26]} Bxe4 {[%emt 0:00:07]} 21. Rxe4 {[%emt 0:01:18]} exf4 {[%emt 0:00:11]} 22. Rxf4 {[%emt 0:01:04]} Rd2 {[%emt 0:02:26]} 23. Rf1 {[%emt 0:02:10]} Bg7 {[%emt 0:08:01]} 24. Rxf8+ {[%emt 0:01:22]} Bxf8 {[%emt 0:00:02]} 25. Bh3 {[%emt 0:00:24]} Bg7 {[%emt 0:14:32]} 26. c4 {[%emt 0:07:08]} Rxa2 {[%emt 0:01:05]} 27. Be6+ {[%emt 0:00:35]} Kh8 {[%emt 0:00:01]} 28. Rd1 {[%emt 0:00:57]} Ra1 {[%emt 0:01:53]} 1/2-1/2

[Event "27th Kavala Open 2018"]
[Site "Kavala"]
[Date "2018.08.06"]
[Round "3"]
[White "Bednarek, Sylwester"]
[Black "Plat, Vojtech"]
[Result "0-1"]
[WhiteElo "2359"]
[BlackElo "2524"]
[Annotator "TA"]
[PlyCount "122"]
[EventDate "2018.08.06"]
[EventType "swiss"]
[EventCountry "GRE"]
[SourceTitle "playchess.com"]
[Source "ChessBase"]
[SourceQuality "1"]

{[%evp 9,121,9,17,-5,13,7,0,0,12,-17,-9,-24,-19,-64,-21,-21,-22,-31,-37,-26,-9,-37,-45,-43,-39,-52,-29,-43,-18,-140,-139,-163,-166,-158,-155,-186,0,0,-8,-52,-40,-45,-43,-47,-44,-44,-39,-48,-41,-41,-44,-99,-118,-109,-90,-142,-103,-118,-98,-141,-127,-189,-173,-176,-126,-129,-123,-121,-91,-187,-158,-344,-360,-343,-254,-433,-411,-791,-839,-793,-797,-733,-368,-368,-368,-368,-335,-328,-327,-397,-389,-6135,-3205,-29965,-29967,-29965,-29968,-29967,-29966,-29964,-29965,-29962,-1889,-29975,-29976,-29971,-2867,-29993,-29994,-29994,-29995,-29998,-29999,-29999]} 1. d4 d6 2. c3 e5 (2... g6 3. Nf3 Bg7 4. Bg5 Nf6 5. Nbd2 O-O 6. e3 Nbd7 7. Be2 h6 8. Bh4 e5 9. dxe5 dxe5 10. Ne4 Qe7 11. Bxf6 Nxf6 12. Nxf6+ Qxf6 13. Qc2 Bf5 14. e4 Be6 15. O-O Rfd8 16. Rfd1 {0-1 (31) Mikhaletz,L (2405)-Onischuk,V (2601) Lutsk 2017}) 3. dxe5 dxe5 4. Qxd8+ Kxd8 5. e4 Be6 6. f4 $146 {A41: 1 d4 d6: Tartakower System and Modern Defence} ({Predecessor:} 6. Nd2 Nd7 7. Bc4 Bxc4 8. Nxc4 c6 9. f3 Kc7 10. Nh3 {½-½ (21) Ballmann,M (2425)-Ekstroem,R (2493) Switzerland 2001}) 6... exf4 7. Bxf4 Nf6 8. Nd2 {The position is equal.} Nbd7 {[%cal Bb8d7,Bd7e5,Be5g4][%mdl 32]} 9. Bd3 Nh5 10. Be3 Bc5 11. Ke2 Ne5 12. Bc2 Bxe3 13. Kxe3 Ng4+ 14. Kf3 Ke7 15. Ne2 (15. h3 $5 {[%cal Rh3g4]} Ne5+ 16. Kf2 $15) 15... Rad8 {[%cal Ba8d8,Bd8d6,Bd6f6][%mdl 32]} 16. Rad1 $1 Rd6 17. Nd4 Rhd8 18. b4 g6 19. Bb3 (19. h3 $11 {remains equal.} Ne5+ 20. Ke3) 19... Bc8 20. Rhe1 Rf6+ $1 ({Don't play} 20... Nxh2+ 21. Kf2 $15) 21. Nf5+ gxf5 22. exf5+ Kf8 $2 ({Black should try} 22... Be6 $1 $19 23. Kxg4 Rxf5 24. Bxe6 fxe6) 23. Kxg4 $11 {Black must now prevent Nf3.} Rxf5 24. Nc4 Rxd1 25. Rxd1 Nf6+ 26. Kh4 Be6 27. Rd4 c5 28. bxc5 $1 Rh5+ 29. Kg3 Rxc5 30. h3 (30. Kf2 $15) 30... a5 $17 31. a4 Nd5 32. Kh4 (32. Kh2 $142) 32... Nxc3 {Strongly threatening ...Ne2.} 33. Nd2 b6 34. Bxe6 fxe6 {[%cal Bf7e6,Be6e5][%mdl 4128] Endgame KRN-KRN} 35. Nb3 (35. Rg4 $17) 35... Re5 36. g4 Re4 37. Rd7 Rxa4 38. Rxh7 e5 39. Kg5 (39. Rc7 $17 {was worth a try.} Nd5 40. Rd7) 39... Rf4 $1 $19 40. Nd2 $2 (40. Na1 $17) 40... b5 $1 41. Rc7 {[#]} b4 $1 42. Nc4 $2 (42. Kh6) 42... b3 43. Nxe5 (43. Nb2 $142 Ne4+ 44. Kh4) 43... b2 44. Rc8+ Ke7 45. Rxc3 {KRN-KR} Rb4 46. Nc6+ Kd6 47. Nxb4 b1=Q {KQ-KRN} 48. Nc2 Qb2 49. Na3 Kd5 {Hoping for ...Qd2+.} (49... Qd2+ $2 50. Kh5 $19) 50. Rf3 $2 (50. Rd3+ Ke4 51. Re3+ Kd4 52. Rf3) 50... Qg7+ 51. Kh4 {[#]} Ke4 $1 52. Kg3 Qe5+ 53. Kg2 Qb2+ 54. Kg3 Qc1 55. Kg2 a4 56. h4 Qd1 57. Rg3 Kf4 (57... Qd2+ $142 58. Kh1 Kf4 59. Rg1 Qc3 60. Rf1+ Kg3 61. Nc4 Qxc4 62. Rg1+ Kh3 63. Re1 Qd5+ 64. Re4 Qd1+ 65. Re1 Qxe1#) 58. g5 Qe2+ {Black mates.} 59. Kh3 Qe1 {[%csl Gf4][%cal Re1g3]} 60. Rg2 Qh1+ 61. Rh2 Qf3# {Precision: White = 35%, Black = 73%.} 0-1

[Event "27th Kavala Open 2018"]
[Site "Kavala"]
[Date "2018.08.06"]
[Round "3"]
[White "Charkhalashvili, Inga"]
[Black "Neelotpal, Das"]
[Result "1/2-1/2"]
[WhiteElo "2313"]
[BlackElo "2429"]
[Annotator "NA"]
[PlyCount "40"]
[EventDate "2018.08.06"]
[EventType "swiss"]
[EventCountry "GRE"]
[SourceTitle "playchess.com"]
[Source "ChessBase"]
[SourceQuality "1"]
[TimeControl "40/5400+30:900+30"]

1. d4 {[%emt 0:00:04]} Nf6 {[%emt 0:00:31]} 2. c4 {[%emt 0:00:07]} g6 {[%emt 0:00:18]} 3. f3 {[%emt 0:00:04]} e6 {[%emt 0:00:29]} 4. Nc3 {[%emt 0:03:37]} d5 {[%emt 0:07:36]} 5. e4 {[%emt 0:00:25]} dxe4 {[%emt 0:06:16]} 6. fxe4 {[%emt 0:00:07]} c5 {[%emt 0:06:35]} 7. d5 {[%emt 0:01:48]} Bg7 {[%emt 0:00:58]} 8. Nf3 {[%emt 0:03:51]} O-O {[%emt 0:00:42]} 9. Be2 {[%emt 0:01:33]} exd5 {[%emt 0:09:24]} 10. exd5 {[%emt 0:01:06]} Bg4 {[%emt 0:05:03]} 11. O-O {[%emt 0:00:30]} Nbd7 {[%emt 0:00:10]} 12. h3 {[%emt 0:09:36]} Bxf3 {[%emt 0:00:10]} 13. Bxf3 {[%emt 0:00:05]} Ne5 {[%emt 0:00:24]} 14. Be2 {[%emt 0:00:50]} Ne8 {[%emt 0:00:06]} 15. Be3 {[%emt 0:03:27]} Nd6 {[%emt 0:08:35]} 16. Bxc5 {[%emt 0:01:43]} Rc8 {[%emt 0:00:25]} 17. Bd4 {[%emt 0:11:06]} Ndxc4 {[%emt 0:03:34]} 18. Bxc4 {[%emt 0:01:18]} Rxc4 {[%emt 0:02:23]} 19. Kh1 {[%emt 0:07:27]} Qd6 {[%emt 0:05:38]} 20. Bg1 {[%emt 0:08:44]} Rb4 {[%emt 0:18:35]} 1/2-1/2

[Event "27th Kavala Open 2018"]
[Site "Kavala"]
[Date "2018.08.06"]
[Round "3"]
[White "Naoum, Spyridon"]
[Black "Bulmaga, Irina"]
[Result "1-0"]
[WhiteElo "2302"]
[BlackElo "2401"]
[Annotator "NA"]
[PlyCount "107"]
[EventDate "2018.08.06"]
[EventType "swiss"]
[EventCountry "GRE"]
[SourceTitle "playchess.com"]
[Source "ChessBase"]
[SourceQuality "1"]
[TimeControl "40/5400+30:900+30"]

1. d4 {[%emt 0:11:10]} Nf6 {[%emt 0:00:08]} 2. c4 {[%emt 0:00:05]} e6 {[%emt 0:00:07]} 3. Nc3 {[%emt 0:00:04]} Bb4 {[%emt 0:00:09]} 4. g3 {[%emt 0:01:15]} O-O {[%emt 0:00:27]} 5. Bg2 {[%emt 0:00:04]} Bxc3+ {[%emt 0:00:21]} 6. bxc3 {[%emt 0:00:09]} d6 {[%emt 0:00:10]} 7. Nf3 {[%emt 0:02:21]} Nc6 {[%emt 0:00:23]} 8. Qd3 {[%emt 0:03:00]} Rb8 {[%emt 0:00:23]} 9. Nd2 {[%emt 0:02:46]} Qd7 {[%emt 0:00:26]} 10. O-O {[%emt 0:03:00]} b6 {[%emt 0:00:31]} 11. Nb3 {[%emt 0:03:02]} Ba6 {[%emt 0:00:08]} 12. Bg5 {[%emt 0:00:03]} d5 {[%emt 0:00:16]} 13. Bxf6 {[%emt 0:00:19]} Bxc4 {[%emt 0:00:29]} 14. Qf3 {[%emt 0:03:50]} gxf6 {[%emt 0:00:08]} 15. Qxf6 {[%emt 0:13:20]} Bxe2 {[%emt 0:00:19]} 16. Qg5+ {[%emt 0:04:01]} Kh8 {[%emt 0:00:08]} 17. Qf6+ {[%emt 0:00:01]} Kg8 {[%emt 0:00:07]} 18. Rfe1 {[%emt 0:08:33]} Bd3 {[%emt 0:02:20]} 19. Qh6 {[%emt 0:01:24]} Rbe8 {[%emt 0:11:19]} 20. Re3 {[%emt 0:02:27]} Bg6 {[%emt 0:00:44]} 21. h4 {[%emt 0:03:44]} f6 {[%emt 0:01:13]} 22. h5 {[%emt 0:02:15]} Bc2 {[%emt 0:00:19]} 23. Rc1 {[%emt 0:18:44]} Bxb3 {[%emt 0:02:33]} 24. axb3 {[%emt 0:00:01]} Nd8 {[%emt 0:12:42]} 25. Rce1 {[%emt 0:03:14]} a5 {[%emt 0:03:55]} 26. Bh3 {[%emt 0:01:38]} c5 {[%emt 0:04:38]} 27. Qf4 {[%emt 0:02:38]} c4 {[%emt 0:06:05]} 28. bxc4 {[%emt 0:01:20]} dxc4 {[%emt 0:01:03]} 29. h6 {[%emt 0:00:21]} Re7 {[%emt 0:04:59]} 30. Re4 {[%emt 0:07:19]} b5 {[%emt 0:08:56]} 31. Rd1 {[%emt 0:01:01]} Qd5 32. Rde1 b4 {[%emt 0:07:59]} 33. Bg2 {[%emt 0:01:26]} Qd7 {[%emt 0:03:20]} 34. d5 {[%emt 0:00:18]} e5 {[%emt 0:01:59]} 35. Qh4 {[%emt 0:02:03]} Nb7 {[%emt 0:11:32]} 36. cxb4 {[%emt 0:00:25]} Nd6 {[%emt 0:00:33]} 37. Bh3 {[%emt 0:00:30]} Qc7 {[%emt 0:01:24]} 38. Rg4+ {[%emt 0:00:31]} Kh8 {[%emt 0:00:10]} 39. bxa5 {[%emt 0:00:05]} Qxa5 {[%emt 0:01:56]} 40. Rd1 {[%emt 0:00:00]} Qc5 {[%emt 0:00:00]} 41. Rg7 {[%emt 0:04:46]} Rxg7 {[%emt 0:04:42]} 42. hxg7+ {[%emt 0:00:03]} Kxg7 {[%emt 0:00:08]} 43. Be6 {[%emt 0:06:52]} Qc7 {[%emt 0:02:44]} 44. Qg4+ {[%emt 0:01:23]} Kh8 {[%emt 0:00:08]} 45. Rc1 {[%emt 0:00:37]} f5 {[%emt 0:02:22]} 46. Qf3 {[%emt 0:01:15]} f4 {[%emt 0:02:11]} 47. g4 {[%emt 0:02:32]} e4 {[%emt 0:00:38]} 48. Qa3 {[%emt 0:00:03]} f3 {[%emt 0:02:06]} 49. Rxc4 {[%emt 0:00:17]} Qd8 {[%emt 0:06:58]} 50. Qc3+ {[%emt 0:02:07]} Qf6 {[%emt 0:00:29]} 51. Qxf6+ {[%emt 0:00:09]} Rxf6 {[%emt 0:00:02]} 52. Rc6 {[%emt 0:00:05]} e3 {[%emt 0:04:07]} 53. fxe3 {[%emt 0:00:21]} Ne8 {[%emt 0:07:46]} 54. Rc8 {[%emt 0:00:39]} 1-0

[Event "27th Kavala Open 2018"]
[Site "Kavala"]
[Date "2018.08.06"]
[Round "3"]
[White "Megalios, Konstantinos"]
[Black "Mastrovasilis, Athanasios"]
[Result "1-0"]
[WhiteElo "2292"]
[BlackElo "2518"]
[Annotator "TA"]
[PlyCount "123"]
[EventDate "2018.08.06"]
[EventType "swiss"]
[EventCountry "GRE"]
[SourceTitle "playchess.com"]
[Source "ChessBase"]
[SourceQuality "1"]

{[%evp 24,123,0,12,36,33,27,-3,0,-14,21,28,55,-13,-8,0,40,31,33,14,334,111,138,145,138,141,134,132,213,200,205,212,205,206,244,249,253,253,262,270,362,356,564,564,706,687,643,564,880,979,1010,422,1008,1023,1011,982,1200,978,1223,1114,1179,1118,1089,488,1017,880,1025,1197,1246,1190,1217,1191,1220,1161,1374,1366,1349,1218,1334,1208,1368,940,1393,1205,1177,1156,1597,1083,29949,29948,29957,29958,29958,5143,29983,29984,29986,29987,29987,29988,29988,29989]} 1. d4 Nf6 2. c4 e6 3. g3 d5 4. Bg2 dxc4 5. Nf3 a6 6. O-O b5 7. Ne5 Nd5 8. a4 Bb7 9. b3 c3 10. e4 {E04: Open Catalan: 5 Nf3} (10. axb5 axb5 11. Rxa8 Bxa8 12. e4 b4 13. exd5 Bxd5 14. Be3 Be7 15. Qc2 Bxg2 16. Kxg2 Qd5+ 17. Kg1 Nd7 18. Nxc3 bxc3 19. Qxc3 {½-½ (31) Nikolov,M (2561)-Mastrovasilis,D (2602) Achaea 2017}) 10... b4 11. exd5 Bxd5 12. Qh5 g6 13. Qh3 {LiveBook: 8 Games. Black must now prevent Bg5!} c6 14. Be3 Bg7 15. Nxc3 bxc3 16. Rfc1 O-O (16... Qd6 {looks sharper.} 17. Rxc3 Bxe5 18. dxe5 Qxe5 19. Rac1 O-O) 17. Rxc3 Ra7 $146 ({Predecessor:} 17... Qa5) 18. b4 ({White should play} 18. Rac1 $14) 18... Rb7 $11 19. Rb1 $36 {[%mdl 2048] White is more active.} Qd6 20. Bxd5 $1 Qxd5 21. Qf1 Qa2 $2 {[%mdl 8192] [#]} (21... Bxe5 $11 {and Black has nothing to worry.} 22. Rc5 (22. dxe5 Qxe5 23. Rd3 Qc7 $14) 22... Qa2 23. dxe5 Qxa4) 22. Qd1 $2 ({Not} 22. Nxc6 Qxa4 23. b5 Nxc6 $14) (22. Nc4 $1 $18 {and the rest is easy.}) 22... Qd5 23. Rc5 Qd6 24. Qc2 Qe7 25. Qc3 h5 (25... Bxe5 $16 {was necessary.} 26. dxe5 Rd8) 26. Nxc6 $18 Nxc6 27. Rxc6 Rfb8 {[%cal Rb7b4]} 28. Qc5 ({Don't play} 28. Rxa6 $6 Rxb4 29. Rxb4 Qxb4 $16) 28... Bf8 29. Qxe7 ({Resist} 29. Rxa6 $6 Qe8) 29... Bxe7 30. Rxa6 Rxb4 31. Rxb4 Rxb4 {[%mdl 4096] Endgame KRB-KRB} 32. a5 Bf6 {[#]} (32... Kg7 $142 33. Ra8 Bf6) 33. d5 $1 {[%mdl 512]} Kg7 (33... exd5 34. Rxf6) 34. dxe6 fxe6 35. Rxe6 Bd4 36. Bxd4+ Rxd4 {KR-KR} 37. a6 (37. h4 $142 Kf7 38. Rc6) 37... Ra4 (37... Kf7 $142) 38. h4 Kf7 39. Rb6 Ra3 40. Kf1 Ra2 41. Ke1 Kg7 42. Rc6 Kf7 43. Kf1 (43. Rd6 $142 Kg7 44. Rb6) 43... Kg7 (43... Rd2 $142 44. Rc8 Rd1+ 45. Ke2 Ra1) 44. Rd6 Kf7 45. f3 Kg7 46. Ke1 Kf7 47. Kd1 Ra3 48. Ke2 Kg7 49. Rd7+ Kf6 50. a7 Ke6 51. Rc7 Ke5 52. Kd2 Kd4 53. Kc2 Ra6 54. Re7 Kc4 55. g4 Ra2+ 56. Kb1 Ra6 57. gxh5 gxh5 58. f4 {[%cal Bf3f4,Bf4f5,Bf5f6][%mdl 32]} Kc3 59. f5 {White mates.} Rb6+ 60. Kc1 Ra6 61. Rc7+ Kd4 {[#]} 62. f6 $1 {Precision: White = 76%, Black = 25%.} 1-0

[Event "27th Kavala Open 2018"]
[Site "Kavala"]
[Date "2018.08.06"]
[Round "3"]
[White "Papadopoulos, Nikolaos"]
[Black "Quparadze, Giga"]
[Result "1-0"]
[WhiteElo "2258"]
[BlackElo "2517"]
[Annotator "ChessBase"]
[PlyCount "119"]
[EventDate "2018.08.06"]
[EventType "swiss"]
[EventCountry "GRE"]
[SourceTitle "playchess.com"]
[Source "ChessBase"]
[SourceQuality "1"]
[TimeControl "40/5400+30:900+30"]

1. e4 {[%emt 0:00:30]} c5 {[%emt 0:00:04]} 2. Nf3 {[%emt 0:00:31]} Nc6 {[%emt 0:00:29]} 3. d4 {[%emt 0:01:05]} cxd4 {[%emt 0:00:04]} 4. Nxd4 {[%emt 0:00:10]} Qc7 {[%emt 0:00:03]} 5. Nc3 {[%emt 0:01:18]} e6 {[%emt 0:00:04]} 6. Be3 {[%emt 0:02:22]} a6 {[%emt 0:00:07]} 7. Qf3 {[%emt 0:01:56]} Nf6 {[%emt 0:01:30]} 8. O-O-O {[%emt 0:00:57]} Ne5 {[%emt 0:00:41]} 9. Qg3 {[%emt 0:01:51]} b5 {[%emt 0:01:02]} 10. f4 {[%emt 0:10:09]} Neg4 {[%emt 0:00:04]} 11. Bg1 {[%emt 0:04:42]} b4 {[%emt 0:00:47]} 12. Na4 {[%emt 0:04:48]} Nh6 {[%emt 0:00:16]} 13. e5 {[%emt 0:01:52]} Ne4 {[%emt 0:01:30]} 14. Qe1 {[%emt 0:10:03]} Bb7 {[%emt 0:00:19]} 15. Bd3 {[%emt 0:04:37]} d5 {[%emt 0:03:46]} 16. exd6 {[%emt 0:12:36]} Nxd6 {[%emt 0:04:04]} 17. Bf2 {[%emt 0:00:39]} Be7 {[%emt 0:01:26]} 18. Bh4 {[%emt 0:11:56]} Bxh4 {[%emt 0:01:30]} 19. Qxh4 {[%emt 0:00:53]} O-O {[%emt 0:01:04]} 20. Rhe1 {[%emt 0:00:43]} Qa5 {[%emt 0:11:42]} 21. b3 {[%emt 0:02:00]} Nb5 {[%emt 0:07:14]} 22. Re5 {[%emt 0:01:14]} Bd5 {[%emt 0:00:36]} 23. Rg5 {[%emt 0:02:12]} f6 {[%emt 0:12:18]} 24. Qxh6 {[%emt 0:01:04]} fxg5 {[%emt 0:00:02]} 25. Qxh7+ {[%emt 0:02:51]} Kf7 {[%emt 0:00:05]} 26. Qg6+ {[%emt 0:00:41]} Ke7 {[%emt 0:00:33]} 27. Qxg5+ {[%emt 0:02:55]} Rf6 {[%emt 0:00:04]} 28. Qxg7+ {[%emt 0:00:49]} Rf7 {[%emt 0:00:03]} 29. Qg5+ {[%emt 0:00:54]} Rf6 {[%emt 0:00:14]} 30. Qg7+ {[%emt 0:07:08]} Rf7 {[%emt 0:00:04]} 31. Qg5+ {[%emt 0:03:55]} Rf6 {[%emt 0:02:40]} 32. f5 {[%emt 0:03:58]} Nxd4 {[%emt 0:01:38]} 33. Qg7+ {[%emt 0:00:03]} Rf7 {[%emt 0:00:04]} 34. f6+ {[%emt 0:01:26]} Kd6 {[%emt 0:03:53]} 35. Qxf7 {[%emt 0:00:03]} Qc7 {[%emt 0:00:03]} 36. Qxc7+ {[%emt 0:01:24]} Kxc7 {[%emt 0:00:03]} 37. Bc4 {[%emt 0:00:58]} Bxc4 {[%emt 0:00:14]} 38. Rxd4 {[%emt 0:00:23]} Bd5 {[%emt 0:00:03]} 39. g4 {[%emt 0:00:25]} a5 {[%emt 0:00:03]} 40. g5 {[%emt 0:00:00]} Rf8 {[%emt 0:00:00]} 41. c3 {[%emt 0:01:37]} bxc3 {[%emt 0:00:19]} 42. Nxc3 {[%emt 0:01:40]} Bf3 {[%emt 0:00:03]} 43. Rf4 {[%emt 0:00:55]} Bh5 {[%emt 0:00:04]} 44. Ne4 {[%emt 0:04:24]} Bg6 {[%emt 0:00:06]} 45. Ng3 {[%emt 0:00:22]} Kd6 {[%emt 0:00:22]} 46. h4 {[%emt 0:00:16]} Ke5 {[%emt 0:00:04]} 47. Ra4 {[%emt 0:00:23]} Rc8+ {[%emt 0:00:15]} 48. Rc4 {[%emt 0:00:47]} Rh8 {[%emt 0:00:07]} 49. a3 {[%emt 0:01:46]} Bd3 {[%emt 0:00:12]} 50. Ra4 {[%emt 0:02:23]} Bg6 {[%emt 0:00:04]} 51. h5 {[%emt 0:01:21]} Bxh5 {[%emt 0:00:04]} 52. Rxa5+ {[%emt 0:00:21]} Kd4 {[%emt 0:00:07]} 53. Kd2 {[%emt 0:01:30]} Bg6 {[%emt 0:00:34]} 54. Ra4+ {[%emt 0:01:41]} Ke5 {[%emt 0:00:12]} 55. Ke3 {[%emt 0:00:17]} Rc8 {[%emt 0:00:47]} 56. Ra5+ {[%emt 0:00:23]} Kd6 {[%emt 0:00:05]} 57. Ne4+ {[%emt 0:00:08]} Kd7 {[%emt 0:00:03]} 58. Ra7+ {[%emt 0:00:20]} Kc6 {[%emt 0:00:05]} 59. Rg7 {[%emt 0:00:29]} Bf5 {[%emt 0:00:04]} 60. Ng3 1-0

[Event "27th Kavala Open 2018"]
[Site "Kavala"]
[Date "2018.08.06"]
[Round "3"]
[White "Tsakiris, Haralambos"]
[Black "Pezelj, Novak"]
[Result "1-0"]
[WhiteElo "2228"]
[BlackElo "2483"]
[Annotator "TA"]
[PlyCount "65"]
[EventDate "2018.08.06"]
[EventType "swiss"]
[EventCountry "GRE"]
[SourceTitle "playchess.com"]
[Source "ChessBase"]
[SourceQuality "1"]

{[%evp 21,65,72,78,60,68,58,66,66,87,51,95,87,117,56,29,38,166,161,179,132,125,102,459,461,437,430,414,416,411,298,855,839,788,370,377,357,362,339,412,415,477,477,548,556,529,533]} 1. d4 d5 2. c4 Nc6 3. Nf3 Bg4 4. cxd5 Bxf3 5. gxf3 Qxd5 6. e3 e5 7. Nc3 Bb4 8. Bd2 Bxc3 9. bxc3 Nge7 {D07: Queen's Gambit: Chigorin Defence} (9... Qd7 10. Rb1 O-O-O 11. Bg2 Nge7 12. Qb3 b6 13. Qxf7 Rhf8 14. Qc4 Kb8 15. O-O g5 16. Rb5 Rf6 17. e4 {1-0 (55) Nakamura,H (2785)-Rapport,R (2692) Sharjah 2017 CBM 177 [Marin,M]}) 10. c4 Qd6 11. d5 Nb8 {LiveBook: 4 Games. White is better.} 12. Qa4+ Nd7 13. Bb4 c5 14. dxc6 Qxc6 15. Qa3 $146 ({Predecessor:} 15. Qxc6 Nxc6 16. Bd6 b6 17. Rd1 {½-½ (43) Gomez Fontal,F (2406)-Almeida Quintana,O (2484) Havana 2002}) 15... Qxf3 16. Rg1 Nc6 17. Rxg7 (17. Bd6 $16) 17... Qf6 $14 18. Rg3 $36 {[%mdl 2048] White is more active.} O-O-O {[#]} (18... Nxb4 $14 19. Qxb4 b6) 19. Bd6 $1 $18 h5 {and if ...h4 works, Black does fine.} 20. c5 {Black must now prevent Rb1.} h4 21. Rg4 {And now Rb1 would win.} e4 $2 {[%mdl 8192]} (21... Rhg8 $16 {is a better chance.} 22. Qa4 Qf3 23. Rxg8 Rxg8) 22. Rb1 Nde5 23. Rxe4 ({Not} 23. Qb3 $2 Nf3+ 24. Kd1 (24. Ke2 $2 Nfd4+ 25. exd4 Nxd4+ 26. Ke3 Nxb3 $19) 24... Rxd6+ 25. cxd6 Qxd6+ 26. Bd3 Qxd3+ $19) 23... Nf3+ 24. Kd1 {[#] Threatens to win with Bh3+.} Qf5 25. Bd3 {Strongly threatening Rxb7.} Rxd6 $2 (25... Qd5 26. Qb3 Qxb3+ 27. Rxb3 Nfe5 28. Bxe5 f5) 26. cxd6 {Re8+! is the strong threat.} Nfe5 27. f4 (27. Qb3 $142 b6 28. Qd5) 27... Nxd3 28. Qxd3 {Intending Re8+! and mate.} Rd8 29. Kc2 Qg6 30. d7+ Kc7 31. Rd1 {White is clearly winning.} f5 32. Rc4 Qe6 33. Qd5 {Precision: White = 78%, Black = 40%.} 1-0